Sleepers /

L'autore racconta di sé da ragazzino e dei suoi tre amici del cuore. Siamo a New York negli anni Sessanta e i quattro sono uniti da un sentimento più saldo di qualsiasi legame di sangue. Astuti, brillanti, turbolenti, vivono per strada in uno dei quartieri più malfamati della Grande Mela, Hell's Kit...

ver descrição completa

Na minha lista:
Detalhes bibliográficos
Autor principal: Carcaterra, Lorenzo (Author)
Outros Autores: Petrillo, Raffaele
Formato: Livro
Idioma:Língua italiana
Publicado em: [Milano] : Rizzoli, 1996
Colecção:La scala
Tags: Adicionar Tag
Sem tags, seja o primeiro a adicionar uma tag!

MARC

LEADER 00000nam a22000007i 4500
001 IT\ICCU\RAV\0274690
003 ItRI
005 20260215213044.0
008 960613s1996 it |||||| ||||| |||||c
020 |a 8817672971 
040 |b ita  |c C 
041 7 |a ita  |2 ISO-639-2 
082 |a 818.54  |2 19 
100 1 |a Carcaterra, Lorenzo  |0 IT\ICCU\RAVV\096370  |4 aut 
240 1 0 |a Sleepers.  |9 Carcaterra, Lorenzo 
245 1 0 |a Sleepers /  |c Lorenzo Carcaterra ; traduzione di Raffaele Petrillo. 
260 |a [Milano] :  |b Rizzoli,  |c 1996 
300 |a 395 p. ;  |c 23 cm. 
520 |a L'autore racconta di sé da ragazzino e dei suoi tre amici del cuore. Siamo a New York negli anni Sessanta e i quattro sono uniti da un sentimento più saldo di qualsiasi legame di sangue. Astuti, brillanti, turbolenti, vivono per strada in uno dei quartieri più malfamati della Grande Mela, Hell's Kitchen. Frequentano la scuola parrocchiale gestita da preti cattolici, sbrigano lavoretti per un boss mafioso e improvvisano scherzi ai danni degli abitanti del quartiere, riuscendo sempre a cavarsela a buon mercato. Ma un giorno una beffa iniziata come un innocuo divertimento finisce in tragedia e i quattro si ritrovano dietro le sbarre di un riformatorio. 
700 1 |a Petrillo, Raffaele  |0 IT\ICCU\VEAV\006767 
830 3 |a La scala  |0 IT\ICCU\CFI\0000061 
942 |2 ddc  |c BK 
952 |0 0  |1 0  |2 ddc  |4 0  |6 818_540000000000000_CAR_SLE  |7 1  |9 1650  |a GE  |b GE  |d 2024-07-20  |l 0  |o 818.54 CAR SLE  |p 1213  |r 2024-07-20 17:03:07  |w 2024-07-20  |x Donazione di Alvaro Bazzano  |y BK  |z Donazione AB 
952 |0 0  |1 0  |4 0  |6 DOC_813_540000000000000_CAR  |7 0  |9 15316  |a BO  |b BO  |d 2026-01-15  |i 3569  |l 0  |o DOC 813.54 CAR  |p BO3569  |r 2026-01-15 23:19:02  |w 2026-01-15  |x [Sebina 5] [1 v. (2. copia)]  |y BK  |z 1 v. (2. copia) 
952 |0 0  |1 0  |4 0  |6 DOC_813_540000000000000_CAR  |7 0  |9 15317  |a BO  |b BO  |d 2026-01-15  |i 10058  |l 0  |o DOC 813.54 CAR  |p BO10058  |r 2026-01-15 23:19:02  |w 2026-01-15  |x [Sebina 5] [1 v.]  |y BK  |z 1 v. 
999 |c 1467  |d 1467